000 00475nam a22001697a 4500
005 20251108165356.0
008 250721s1990 xx 000 0 ara d
082 1 4 _a218.5/دود
100 1 _aدودين، ماجد
245 1 0 _aوصايا و نصائح للنساء /
264 1 _aعمان :
_bدار الأرقم،
_c1990.
300 _a155ص
650 1 7 _aالوعظ و الإرشاد
650 1 7 _aالمرأة المسلمة
942 _2ddc
_cBK
999 _c26400
_d26400